High School Musical Fill in the missing lyrics - Statistics

General Stats
  • This quiz has been taken 1,156 times
  • The average score is 6 of 12
Answer Stats
Lyrics Missing Lyric(s) % Correct
Gotta go my own way: "I've got to move on and be who i am, i just don't ____ here, i hope you understand" belong
97%
Get'cha head in the game: "Why am i feeling so ___? My head's in the game but my heart's in the ___" wrong, song
62%
Can i have this dance?: "It's like catching lightening, the _____ of finding someone like you, it's one in a million the _____ of feeling the way, we do" chances
61%
When there was me and you: "But everybody else could could tell, that i confused my _____ with the truth, when there was me and you feelings
53%
Start of something new: "I ___ believed in, what i couldn't see, i ___ opened my heart, ohh, to all the possibilities" never
50%
Bet on it: "i'm not gonna ___, not gonna ___ 'til i get my shot, that's who i am, that is my ___, will i end up on top you can… stop, plan
47%
A night to remember: "I think this tux is too ___, too ___, it makes me look weird" baggy, tight
44%
Stick to the status quo: "Look at me and what do you see? Intelligence beyond compare. but inside i am stirring something _____ is occurring, it's a ____ i need to share" strange, secret
40%
Everyday: "They say that you should ____, and chase down what you dream, but if you get __ and __ yourself. What does it really mean?" follow, lost, lose
31%
Work this out: "We're a champion ___, a well oiled machine, and we've faced tougher _____ than this" team, problems
30%
Now or never: "This is the ___ chance to make our mark, _____ will know who we are, this is the ___ game so make it count" last, history, last
27%
Right here, right now: "…we've already proved it works, but that 2,123 hours, a bend in the _____" universe
27%
No matching quizzes found
Score Distribution
Percent of People with Each Score
Percentile by Number Answered
Your Score History
You have not taken this quiz